Nomadías
| Corporate Authors: | , |
|---|---|
| Format: | Electronic Journal |
| Language: | Spanish |
| Published: |
Santiago, Chile :
Universidad de Chile, Facultad de Filosofía y Humanidades, Programa Género y Cultura en América Latina : Editorial Cuarto Proprio,
1996-
Santiago [Chile]: Universidad de Chile Facultad de Filosofía y Humanidades Centro Estudios de Género y Cultura en América Latina : Editorial Cuarto Propio |
| Subjects: | |
| Online Access: | Full text available from PRISMA Database with HAPI Index: 10/01/2008 to 12/31/2012 Full text available from PRISMA Database with HAPI Index: 01/01/2015 to 07/31/2016 |
MARC
| LEADER | 00000nas a2200000 a 4500 | ||
|---|---|---|---|
| 001 | ssj0022903 | ||
| 003 | WaSeSS | ||
| 005 | 20200512172242.0 | ||
| 006 | m d | ||
| 007 | cr n | ||
| 008 | 970624c19969999cl uu p s 0 0spa c | ||
| 010 | |a 97661159 | ||
| 015 | |a 018887406 |2 dnb | ||
| 016 | 7 | |a 1393607-4 |2 DE-600 | |
| 016 | 7 | |a 009243113 |2 Uk | |
| 022 | |l 0717-2761 |y 0717-2761 | ||
| 035 | |a (WaSeSS)ssj0022903 | ||
| 040 | |a GZM |b eng |c GZM |d DLC |d OCLCQ |d DIBAM |d IXA |d DLC |d HLS |d OCLCQ |d GBVCP |d CUS |d UKMGB |d HLS |d OCLCF |d OCLCO |d CUY |d WaSeSS | ||
| 042 | |a pcc | ||
| 043 | |a cl----- | ||
| 050 | 0 | 0 | |a HQ1460.5 |b N66 |
| 210 | 0 | |a Nomadías |b (Impr.) | |
| 222 | 0 | |a Nomadías |b (Impresa) | |
| 245 | 0 | 0 | |a Nomadías |h [electronic resource]. |
| 246 | 1 | |i Issue 7 (Mar. 2004) has title: |a Nomadias feminista | |
| 260 | |3 1996-1998: |a Santiago, Chile : |b Universidad de Chile, Facultad de Filosofía y Humanidades, Programa Género y Cultura en América Latina : |b Editorial Cuarto Proprio, |c 1996- | ||
| 260 | 3 | |3 1999-: |a Santiago [Chile]: |b Universidad de Chile Facultad de Filosofía y Humanidades Centro Estudios de Género y Cultura en América Latina : |b Editorial Cuarto Propio | |
| 362 | 0 | |a Año 1, no. 1 (dic. de 1996)-año 4, no. 6 (jun. de 2002); 7 (marzo de 2004)- | |
| 500 | |a Some numbers issued as special issues with distinctive titles. | ||
| 506 | |a License restrictions may limit access. | ||
| 550 | |a Issued jointly by: Universidad de Chile, Centro de Estudios de Género y Cultura en América Latina, and: Editorial Cuarto Propio, December 1999- . | ||
| 588 | |a Latest issue consulted: No. 11 (jun. de 2010). | ||
| 650 | 0 | |a Women |z Latin America |v Periodicals. | |
| 650 | 0 | |a Feminism |z Latin America |v Periodicals. | |
| 650 | 0 | |a Sex role |z Latin America |v Periodicals. | |
| 650 | 7 | |a FILOSOFIA DE LA LITERATURA |x PUBLICACIONES PERIODICAS. |2 renib | |
| 650 | 7 | |a FILOSOFIA EN LA LITERATURA |x PUBLICACIONES PERIODICAS. |2 renib | |
| 650 | 7 | |a MUJERES Y LITERATURA |z CHILE |x PUBLICACIONES PERIODICAS. |2 renib | |
| 650 | 7 | |a Feminism. |2 fast |0 (OCoLC)fst00922671 | |
| 650 | 7 | |a Sex role. |2 fast |0 (OCoLC)fst01114598 | |
| 650 | 7 | |a Women. |2 fast |0 (OCoLC)fst01176568 | |
| 651 | 7 | |a Latin America. |2 fast |0 (OCoLC)fst01245945 | |
| 655 | 0 | |a Electronic journals. | |
| 710 | 2 | |a Universidad de Chile. |b Programa Género y Cultura en América Latina. | |
| 710 | 2 | |a Universidad de Chile. |b Centro de Estudios de Género y Cultura en América Latina. | |
| 850 | |a DLC | ||
| 856 | 4 | 0 | |z Full text available from PRISMA Database with HAPI Index: 10/01/2008 to 12/31/2012 |u https://search.proquest.com/publication/85364 |
| 856 | 4 | 0 | |z Full text available from PRISMA Database with HAPI Index: 01/01/2015 to 07/31/2016 |u https://search.proquest.com/publication/85364 |